000 00459nam a22001577a 4500
999 _c3992
_d3992
008 200709b ||||| |||| 00| 0 eng d
082 0 0 _a629.8
_bS981
100 _93300
_aSyal, I. C.
245 1 0 _aComputer programming and engineering analysis /
_cby I. C. Syal and S. P. Gupta
250 _a2nd ed.
260 _aAllahabad
_bA. H.Wheeler & Co.
_c1986
300 _axiv, 545 p.
650 0 _aComputer programming
700 _93301
_aGupta, S. P.
942 _cBK